Normal view
MARC view
- SOLAR ENERGY.ELECTRICITY FROM SUNLIGHT.SOLAR CELLS.PHOTOVOLTAIC POWER GENERATION
Entry Topical Term
001 - CONTROL NUMBER
- control field: 68530
003 - CONTROL NUMBER IDENTIFIER
- control field: NUST
005 - DATE AND TIME OF LATEST TRANSACTION
- control field: 20210628204048.0
008 - FIXED-LENGTH DATA ELEMENTS
- fixed length control field: 210628|| aca||aabn | a|a d
040 ## - CATALOGING SOURCE
- Original cataloging agency: NUST
- Transcribing agency: NUST
150 ## - HEADING--TOPICAL TERM
- Topical term or geographic name entry element: SOLAR ENERGY.ELECTRICITY FROM SUNLIGHT.SOLAR CELLS.PHOTOVOLTAIC POWER GENERATION
670 ## - SOURCE DATA FOUND
- Source citation: Work cat.: (NUST): Lynn, Paul A 53487, Electricity from sunlight , an introduction to photovoltaics, 2010
